L'explication de texte littéraire (Registro nro. 180187)

Detalles MARC
000 -ENCABEZADO
Número de control [NR] 00819 a2200265 4500
005 - FECHA Y HORA DE LA ÚLTIMA TRANSACCIÓN
control field 20140903174918.0
008 - DE LONGITUD FIJA DE DATOS DE ELEMENTOS - INFORMACIÓN GENERAL
Elementos de longitud fija [NR] 130923s2012 fr ||||fr|||| 001 0 fre d
020 ## - NUMERO INTERNACIONAL NORMALIZADO PARA LIBROS [R]
Número Internacional Normalizado del libro [NR] 9782200249311
040 ## - FUENTE DE CATALOGACION [NR]
Agencia de catalogación original [NR] Co-BoUCM
Idioma de catalogación [NR] spa
Quien Cataloga Jose A. Gerena
Quien Clasifica Aldemar Mondragón
041 00 - CODIGO DE IDIOMA [R]
Código de idioma para texto/pista de sonido o título separado [R] Francés
100 1# - ASIENTO PRINCIPAL--NOMBRE PERSONAL [NR]
Nombre personal [NR] Bergez, Daniel
ID Autoridad 45865
245 10 - MENCION DE TITULO [NR]
Título [NR] L'explication de texte littéraire
Mención de responsabilidad, etc. [NR] Daniel Bergez
250 ## - MENCION DE EDICION [NR]
Mención de edición [NR] 3e Ed
260 ## - PUBLICACION, DISTRIBUCION, ETC. (PIE DE IMPRENTA) [R]
Fecha de publicación, distribución, etc. [R] 2012
Nombre del editor, distribuidor, etc. [R] Armand Colin
Lugar de publicación, distribución, etc. [R] Paris (Francia)
300 ## - DESCRIPCION FISICA [R]
Extensión [R] 230 páginas
490 ## - MENCION DE SERIE [R]
Mención de serie [R] Lettres sup
504 ## - NOTA DE BIBLIOGRAFIA, ETC. [R]
Nota de bibliografía, etc. [NR] Incluye referencias bibliográficas e índices
650 #7 - ASIENTO SECUNDARIO DE MATERIA - TERMINO TEMATICO [R]
Término temático o nombre geográfico como elemento de entrada [NR] Estilo
9 (RLIN) 15086
650 #7 - ASIENTO SECUNDARIO DE MATERIA - TERMINO TEMATICO [R]
Término temático o nombre geográfico como elemento de entrada [NR] Lingüística
9 (RLIN) 46478
650 #7 - ASIENTO SECUNDARIO DE MATERIA - TERMINO TEMATICO [R]
Término temático o nombre geográfico como elemento de entrada [NR] Poética
9 (RLIN) 21879
650 #7 - ASIENTO SECUNDARIO DE MATERIA - TERMINO TEMATICO [R]
Término temático o nombre geográfico como elemento de entrada [NR] Retórica
9 (RLIN) 46477
690 ## - ASUNTO AGREGADO LOCAL DE ENTRADA - TÉRMINO TEMÁTICO (OCLC, RLIN)
9 (RLIN) 42859
Acceso temático local Literatura
942 ## - ELEMENTOS DE ENTRADA AGREGADOS (KOHA)
Tema principal Literatura
Tipo de ítem principal el descrito en 300a Libro
Edición 3
Parte restante de la signatura top. B496e
Sistema de clasificación DEWEY
Clasificación 808.06
Existencias
Signatura topográfica Código de barras Última vez visto Volúmen / Fascículo Ejemplar Costo de reposición Price effective from Tipo de ítem Perdido Sistema de clasificación Dañado No prestable Tipo de ítem específico Suprimido Ubicación habitual Ubicación actual Localización Fecha de creación Proveedor Forma de adquisición Costo
808.06 B496e 100136882 06/12/2025 3a.Ed. Ej.1 80565.00 18/09/2013 Libro   DEWEY     Libro   Claustro Claustro 2do piso 18/09/2013 2 Compra 80565.00